Introduction a l'étude des sciences physiques / (Record no. 160140)

MARC details
000 -LEADER
campo de control de longitud fija 00869nam a22002295i 4500
001 - NÚMERO DE CONTROL
campo de control 160140
003 - IDENTIFICADOR DE NÚMERO DE CONTROL
campo de control ES-MaACL
005 - FECHA Y HORA DE LA ÚLTIMA TRANSACCIÓN
campo de control 20250725062543.0
008 - DATOS DE LONGITUD FIJA--INFORMACIÓN GENERAL
campo de control de longitud fija 010511q18601870fr |||| | fre d
040 ## - FUENTE DE CATALOGACIÓN
Centro catalogador/agencia de origen CCPB | B
Lengua de catalogación spa
Centro/agencia transcriptor CCPB | B
100 1# - ENTRADA PRINCIPAL--NOMBRE DE PERSONA
Nombre de persona Morand, Joseph-H.
9 (RLIN) 154051
245 10 - MENCIÓN DEL TÍTULO
Título Introduction a l'étude des sciences physiques /
Mención de responsabilidad, etc. par J. Morand.
250 ## - MENCION DE EDICION
Mención de edición 5ème éd.
260 ## - PUBLICACIÓN, DISTRIBUCIÓN, ETC.
Lugar de publicación, distribución, etc. Paris :
Nombre del editor, distribuidor, etc. Librairie Germer Baillière et Cie,
Fecha de publicación, distribución, etc. [186?] (
Lugar de fabricación/manufactura Coulommiers :
Fabricante Typographie Paul Brodard)
300 ## - DESCRIPCIÓN FÍSICA
Extensión 188 p. ;
Dimensiones 16 cm.
490 1# - MENCIÓN DE SERIE
Mención de serie Bibliothèque utile ;
Designación de volumen o secuencia 1
596 #1 - NOTA AL PIE DE IMPRENTA
NOTA AL PIE DE IMPRENTA Librairie Germer Baillière et Cie ejerce ca. 1835-1900.
650 #7 - PUNTO DE ACCESO ADICIONAL DE MATERIA--TÉRMINO DE MATERIA
Término de materia o nombre geográfico como elemento de entrada Física
Fuente del encabezamiento o término embne
9 (RLIN) 12877
830 0# - PUNTO DE ACCESO ADICIONAL DE SERIE-TÍTULO UNIFORME
Título uniforme Bibliothèque utile ;
Designación de volumen o secuencia 1
9 (RLIN) 188339
852 ## - LOCALIZACIÓN
Ubicación ES-MaACL
Número de control de estantería T-644-F-3
Nota libre -- Enc. hol. conservando la cub. original
-- -- Enc. en un vol. facticio
Holdings
Estatus retirado Estado de pérdida Estado de daño No para préstamo Colección Biblioteca de origen Biblioteca actual Ubicación en estantería Fecha de adquisición Total de préstamos Signatura topográfica completa Código de barras Visto por última vez Precio de reemplazo Tipo de ítem Koha
        Colección de folletos Biblioteca del Ateneo de Madrid Biblioteca del Ateneo de Madrid Depósito folletos 17/01/2008   T-644-F-3 1167658 23/02/2023 23/02/2023 Folleto